000 00689nam a2200241Ia 4500
003 OSt
005 20220928111258.0
006 a|||||r|||| 00| 0
007 ta
008 220927b |||||||| |||| 00| 0 eng d
024 _a60628
037 _cTextual
040 _aSDCL
_cSDCL
_beng
041 _2eng
_aeng
082 _aR66x7,1, N9.1
100 _aShri Harsh
_9423028
245 0 _aKhandankhand khadyam. part 1.
260 _aVaranasi
_bSudhanshu Shekar Shastri
_c1999
300 _a712p.
_ccm.
700 _a Shastri Sudhanshu Shekhar Ed.
_9423029
942 _hR66x7,1, N9.1
_cTEXL
_2CC
999 _c739498
_d739498